书目信息 |
| 题名: |
体育之研究
|
|
| 作者: | 毛泽东 著 | |
| 分册: | ||
| 出版信息: | 北京 人民体育出版社 1979 |
|
| 页数: | 31页 | |
| 开本: | 20cm | |
| 丛书名: | ||
| 单 册: | ||
| 中图分类: | A421 | |
| 科图分类: | ||
| 主题词: | 毛泽东著作--单行本--1917 , 体育理论-毛泽东著作 | |
| 电子资源: | ||
| ISBN: | ||
| 000 | 00597nam0 2200229 45 | |
| 001 | 0179003624 | |
| 005 | 20060811172428.25 | |
| 010 | @dCNY0.10 | |
| 091 | @aCN@b7015.1820 | |
| 100 | @a19950714d1979 em y0chiy0121 ea | |
| 101 | 0 | @achi |
| 102 | @aCN@b110000 | |
| 105 | @ay z 000yy | |
| 200 | 10 | @a体育之研究@Ati yu zhi yan jiu@f毛泽东著 |
| 210 | @a北京@c人民体育出版社@d1979 | |
| 215 | @a31页@d20cm | |
| 606 | @a毛泽东著作@x单行本@z1917 | |
| 606 | @a体育理论-毛泽东著作 | |
| 690 | @aA421@v3 | |
| 701 | 0 | @a毛泽东@Amao ze dong@4著 |
| 801 | 0 | @aCN@bTSSF@c20060811 |
| 905 | @a10447@dA421@e37 | |
| 体育之研究/毛泽东著.-北京:人民体育出版社,1979 |
| 31页;20cm |
| ISBN :CNY0.10 |
| ● |
| 相关链接 |
|
|
|
|
正题名:体育之研究
索取号:A421/37
 
预约/预借
| 序号 | 登录号 | 条形码 | 馆藏地/架位号 | 状态 | 备注 |
| 1 | 0448804 | 204488045 | 密集书库/ [索取号:A421/37] | 在馆 |